[Event "Høstturneringen 2012"]
[Site "Ås, Akershus NOR"]
[Date "2012.09.20"]
[Round "3"]
[White "Lea, Per"]
[Black "Høva, Frode"]
[Result "1-0"]
[WhiteElo "1655"]
[BlackElo "1533"]
[PlyCount "55"]
[EventDate "2012.08.30"]

1. e4 d6 {
Og der gikk 2 timer med sicilianske forberedelser rett i sanitærporselenet...}
2. d4 Nf6 3. Nc3 g6 4. Nf3 Bg7 5. Bc4 O-O 6. O-O Nc6 (6... Nxe4 7. Nxe4 (7.
Bxf7+ Rxf7 8. Nxe4 {er ikke spesielt godt for hvit - selv om jeg sannsynligvis
ville ha spilt det hvis svart hadde slått bonden på e4.}) 7... d5 8. Bd3 dxe4
9. Bxe4 Nd7 10. Qe2 Nf6 11. Bd3 {gir omtrent likt spill.}) 7. h3 $2 {En primiti
v plan: jeg ville plassere en løper på e3 uten å bli møtt med et springertrekk
til g4.} (7. d5 Ne5 8. Nxe5 dxe5 9. Qd3 Nh5 10. Be3 {
er nok bedre, men noe jeg aldri vurderte. Noen av oss er litt mer primitive...}
) 7... Nd7 $2 (7... Nxe4 8. Nxe4 d5 9. Bd3 dxe4 10. Bxe4 Nxd4 {
vurderes av Fritz som fordelaktig for svart.}) 8. Be3 (8. Bxf7+ Kxf7 (8... Rxf7
9. Ng5 Rf6 10. Nd5 h6 11. Nxf6+ Nxf6 12. Nf3 Nxe4 {
og svart har 2 lette offiserer for tårnet og står best.}) 9. Ng5+ Ke8 10. Ne6 {
hadde vært en morsom drøm, men heller ikke noe mer.}) 8... Nb6 9. Bb3 Na5 10.
Qc1 ({På det mer naturlige} 10. Qd2 {fryktet jeg} Nbc4 {
med avbytte av løper mot springer.}) 10... Nxb3 11. axb3 d5 12. Bh6 {
Endelig et trekk som stemmer med Fritz!} dxe4 13. Bxg7 (13. Nxe4 {
er nok bedre enn teksttrekket.}) 13... Kxg7 (13... exf3 14. Bxf8 fxg2 15. Re1
Qxf8 16. Qe3 Be6 17. Kxg2) 14. Nxe4 Qd5 $2 ({Etter} 14... Nd5 15. Re1 (15. c4
Nb4 16. d5) 15... a5 16. Qd2 b6 17. c4 Nb4 18. d5 Bf5 19. Nd4 {
begynner svart å få problemer.}) 15. Re1 Bf5 16. c4 Qd8 (16... Qe6 17. d5 Qc8 {
kan se lovende ut, men svart har ikke nok brikker igjen som kanrettgerdiggjøre
et løperoffer på h3.}) 17. Ng3 {Med håpet om å kunne få gitt en springersjakk
på h5 etter at dronninga har inntatt g5. I d fleste varianter hadde det ikke
vært godt en gang.} Bd7 {Ikke det beste - svart hadde nok gjort bedre i å
gardere løperen med en bonde til.} 18. Nh5+ $4 (18. Qg5 {for å true kken på h5
er ikke spesielt farlig, men hvorfor ikke gi springersjakken på h5 først, og
SÅ spille dronninga til g5 med sjakk, og ta med e7-bonden med tårnet i neste
trekk? Det virket veldig lovende ved første øyekast (og etter såvel andre som
tredje!) Selv om jeg ikke hadde full oversikt over alle variantene, tenkte jeg
at det var bedre å prøve springersjakken og gå ned med flagget til topps, enn
å feige ut - for siden å oppleve at Fritz vurderte det som et vinsttrekk. OK:
her var det en feilvurdering, men Caïssa vet å belønne de dristige...}) 18...
gxh5 19. Qg5+ Kh8 20. Rxe7 Rg8 $2 {Presset er på den forsvarnede part: bare
ett feilsteg kan føre til undergangen. Angriperen, på sin side, kan ofte velge
mellom mange fullgode alternativer.} ({Etter} 20... Nc8 $1 {
må hvit ta ut remis ved evig sjakk:} 21. Qf6+ Kg8 22. Qg5+ Kh8) (20... Re8 {
er selvfølgelig håpløst:} 21. Qf6+ Kg8 22. Qxf7+ Kh8 23. Qg7#) 21. Qf6+ Rg7 22.
Ra5 $1 {En litt original måte å få tårnet raskt i aktivitet på!} Be6 {
Ser naturlig ut, men svarts hovedproblem er bindingen av tårnet på g7.} (22...
Kg8 {burde vært prøvd.}) 23. Ng5 {Jeg trodde dette var avgjørende og gikk
derfor og tok meg en kopp kaffe - noe jeg herved kan røpe er et tegn på at jeg
tror at jeg står godt. Men da jeg kom tilbake til brettet holdt jeg på å sette kaffen i
vrangstrupen.} ({Jeg vurderte lenge} 23. Rg5 Qg8 24. d5 Bxd5 25. cxd5 Rd8 {
men fant ikke:} 26. d6 Rxd6 27. Qxg7+ Qxg7 28. Re8+ Qg8 29. Rgxg8#) 23... Nd7 {
Tilsynelatende sterkt: når dronninga flyttes, faller tårnet på e7. Mens jeg
prøvde fortvilet å finne en vei ut av uføret, dukket det opp noe:} 24. Qxg7+ $1
({Etter} 24. Nxe6 Nxf6 25. Nxd8 Rxd8 26. Rxc7 Rxd4 {
har nok hvit en viss kompensasjon, men skinnofferet på g7 er nok avgjørende.})
24... Kxg7 25. Nxe6+ Kf6 26. Nxd8 Kxe7 27. Nxb7 Rb8 28. Rxa7 1-0

[Event "Høstturneringen 2012"]
[Site "Ås, Akershus NOR"]
[Date "2012.09.20"]
[Round "3"]
[White "Snellingen, Jørn"]
[Black "Olsen, Trygve"]
[Result "1-0"]
[WhiteElo "1836"]
[BlackElo "1278"]
[PlyCount "57"]
[EventDate "2012.08.30"]

1. d4 d5 2. c4 c6 3. Nf3 Nd7 4. Nc3 Ngf6 5. Bg5 Qa5 6. Nd2 dxc4 7. Bxf6 Nxf6 8.
Nxc4 Qb4 9. e3 e6 10. a3 Qe7 11. e4 b5 12. Ne5 Qc7 13. Rc1 Bb7 14. b4 a6 15.
Be2 Bd6 16. Nd3 Bxh2 17. e5 Bxe5 18. dxe5 Nd7 19. f4 O-O-O 20. Ne4 Nb6 21. Nd6+
Kb8 22. Nc5 Ka7 23. Ncxb7 Nd5 24. Qd4+ Ka8 25. O-O Rd7 26. a4 Qb6 27. Nc5 h5
28. axb5 axb5 29. Bf3 1-0

[Event "Høstturneringen 2012"]
[Site "Ås, Akershus NOR"]
[Date "2012.09.20"]
[Round "3"]
[White "Moberg, Jan Rune"]
[Black "Thowsen, Alf Geir"]
[Result "1-0"]
[WhiteElo "1511"]
[BlackElo "1158"]
[PlyCount "105"]
[EventDate "2012.08.30"]

1. c4 e5 2. d4 exd4 3. Nf3 Nf6 4. Nxd4 Bc5 5. Nb3 Bb4+ 6. Bd2 Be7 7. Nc3 Nc6 8.
g3 d6 9. Bg2 Bd7 10. O-O Rb8 11. a3 O-O 12. Rc1 Ne5 13. Nb5 a6 14. N5d4 c5 15.
Nf3 Nxf3+ 16. Bxf3 Bh3 17. Re1 Re8 18. Na5 Qd7 19. Bf4 Bd8 20. b4 Bxa5 21. bxa5
Re6 22. Rc3 Bf5 23. Rb3 Be4 24. Rb6 Rd8 25. Kg2 d5 26. Bxe4 Rxb6 27. axb6 Nxe4
28. Bc7 Re8 29. Qxd5 Qe6 30. Qxe6 Rxe6 31. Rd1 Re8 32. Rd3 h6 33. f3 Ng5 34. e4
Ne6 35. Rd7 Nf8 36. Rd5 Ne6 37. Bd6 Rc8 38. f4 Rc6 39. f5 Nd4 40. Bxc5 Nb3 41.
Rd8+ Kh7 42. Be3 Rxc4 43. Kf3 Ra4 44. Rd7 Na5 45. Rxf7 Kg8 46. Rd7 Rxa3 47. Kf4
Ra2 48. h4 Rc2 49. Bd4 Rc6 50. Rxg7+ Kf8 51. Rg6 Kf7 52. Rg7+ Kf8 53. Rc7 1-0

[Event "Høstturneringen 2012"]
[Site "Ås, Akershus NOR"]
[Date "2012.09.20"]
[Round "3"]
[White "Hanssen, Jon Fr"]
[Black "Weberg, Øivind"]
[Result "1-0"]
[WhiteElo "1044"]
[BlackElo "1348"]
[PlyCount "81"]
[EventDate "2012.08.30"]

1. e4 e5 2. Be2 Nf6 3. Nc3 Bc5 4. h3 Nc6 5. Nf3 d6 6. a3 Be6 7. d3 Qd7 8. Ng5
O-O-O 9. Nxe6 fxe6 10. Be3 Nd4 11. Bxd4 Bxd4 12. Rb1 Qc6 13. Qd2 Rdf8 14. Nd1
d5 15. c3 Bb6 16. Bf3 dxe4 17. dxe4 Nxe4 18. Qe2 Rxf3 19. Qxf3 Bxf2+ 20. Nxf2
Nf6 21. Qxc6 bxc6 22. O-O e4 23. Rbe1 Kd7 24. Nxe4 Rf8 25. Nxf6+ gxf6 26. Rd1+
Ke7 27. b4 e5 28. Rf5 Ke6 29. Rh5 Rf7 30. Rd8 e4 31. Re8+ Re7 32. Rxe7+ Kxe7
33. Rxh7+ Ke6 34. Kf2 f5 35. g3 Kd5 36. Rd7+ Kc4 37. Rxc7 Kxc3 38. Rxc6+ Kd3
39. Rf6 e3+ 40. Ke1 e2 41. Rd6+ 1-0

[Event "Høstturneringen 2012"]
[Site "Ås, Akershus NOR"]
[Date "2012.09.20"]
[Round "3"]
[White "Furnes, Torstein"]
[Black "Kielland-Lund, Jon"]
[Result "1-0"]
[WhiteElo "1614"]
[BlackElo "1587"]
[PlyCount "87"]

1. d4 d5 2. c4 c6 3. e3 Bf5 4. Nc3 e6 5. Nf3 Nf6 6. Bd3 Bxd3 7. Qxd3 Bb4 8. O-O
Nbd7 9. a3 (9. Bd2 {er vanligere i Fritz-databasen.}) 9... Bxc3 10. Qxc3 O-O
11. b4 $6 Nb6 12. Nd2 dxc4 13. Nxc4 Nxc4 14. Qxc4 Qd5 15. Qxd5 cxd5 16. Bb2
Rac8 17. Rfc1 a6 18. Kf1 b5 19. Ke2 Rc4 20. Rxc4 dxc4 21. f3 Rd8 22. e4 Kf8 23.
Ke3 ({Førstevalget til Fritz er} 23. a4 Ke7 24. axb5 axb5 25. Ra5 Rb8 {
med hvit fordel på ca. +0.9}) 23... Ke7 24. Rd1 g6 25. g4 h6 26. h4 Rd7 {
Fritz liker ikke dette trekket så godt, og mener hvits fordel øker fra +0.6
til +1.1. Fritz vil heller spille f.eks. Sd7 eller g5.} 27. Kf4 $6 ({
Dermed faller fordelen tilbake til +0.6. Fritz ville heller spilt} 27. g5 hxg5
28. hxg5 Nh5 29. f4) 27... h5 28. g5 Ne8 29. Ke5 Rd8 30. d5 exd5 31. Rxd5 Rxd5+
{Fritz mener svart heller burde unngått tårnbytte.} 32. Kxd5 Kd7 33. Kc5 Nc7
34. Kb6 Ne6 {Ifølge Fritz en feil som øker hvits fordel til +2.5. Fritz mener
svart heller skulle spilt Kd6 eller Se8.} 35. Kxa6 $6 {
Fritz mener det er best for hvit å vente med å ta a-bonden og heller spille} (
35. Be5 $1 {og vi får elementer av trekktvang. Hovedvarianten går videre:} Nd8
36. f4 Nc6 37. Bf6 Ne7 38. Kxa6 Ng8 39. Bc3 Kc6 40. a4 bxa4 41. b5+ Kd7 42. f5
gxf5 43. exf5 Ne7 44. f6 Nd5 45. b6 Nxb6 (45... Nxc3 $2 46. b7 Kc7 47. Ka7) 46.
Kxb6 {og hvit vinner}) 35... Kc6 36. Be5 Nc7+ 37. Ka7 Ne6 38. Kb8 $6 Nf8 ({
Svart hadde nå muligheten til følgende interessante offer:} 38... Nxg5 $1 {
Hvit må ta imot offeret, ellers faller f3-bonden.} 39. hxg5 h4 {
Hvits løper er overbelastet og klarer ikke stoppe begge svarts fribønder.} (
39... Kb6 40. Bd4+ Kc6 ({Ikke} 40... Ka6 $4 {
og svart blir forsert matt i 8 trekk.} 41. Kc7 h4 42. Kc6 h3 43. Bb6 h2 44. a4
h1=Q 45. axb5#) 41. Ka7 h4 42. Ka6 h3 43. a4 h2 44. axb5+ Kd7 45. b6 h1=Q 46.
b7 Qd1 47. b5 Qxd4 48. b8=Q c3 49. Qb7+ {er antagelig remis ifølge Fritz.}) 40.
Ka7 h3 41. Ka6 c3 42. a4 c2 (42... bxa4 43. b5+ Kd7 44. b6 c2 45. Bb2 h2 46. b7
h1=Q 47. b8=Q c1=Q 48. Bxc1 Qxc1 {er remis ifølge Fritz}) 43. axb5+ Kd7 44. Bb2
h2 45. b6 h1=Q 46. b7 {og hvit redder remisen ifølge Fritz.}) 39. Kc8 Nd7 40.
Bd4 Nb6+ 41. Kd8 Na4 42. Ke7 c3 43. Kxf7 c2 44. Be3 1-0

[Event "Høstturneringen 2012"]
[Site "Ås, Akershus NOR"]
[Date "2012.11.05"]
[Round "3"]
[White "Garmark, Vegard"]
[Black "Simonsen, Steinar"]
[Result "0-1"]
[WhiteElo "1187"]
[BlackElo "1336"]
[PlyCount "52"]

1. e4 e6 2. d4 d5 3. Nc3 Nf6 4. exd5 exd5 5. Nf3 Bd6 6. Bg5 O-O 7. Qd2 c6 8.
O-O-O Nbd7 9. Bd3 h6 10. Bxh6 {Interessant !} gxh6 11. Qxh6 Ne4 $6 $18 (11...
Re8) 12. Nxe4 ({Fritz mener det er enda sterkere å slå med løperen.} 12. Bxe4
dxe4 13. Nxe4 Re8 (13... Be7 14. Rd3 Nf6 15. Nfg5 Bf5 16. Rh3 Nh5 (16... Bxh3
$2 17. Nxf6+ Bxf6 18. Qh7#) (16... Nh7 17. Ne6 $1 fxe6 18. Rg3+ Ng5 19. Nxg5
Qd6 20. Qh5 Qf4+ 21. Kb1 Bxg5 22. Rxg5+ Qxg5 23. Qxg5+ Kf7 24. g4 $18) 17. Rxh5
Qxd4 18. Nf3 Qg7 19. Qxg7+ Kxg7 20. Rxf5) 14. Nxd6 Re6 15. Qf4 Qf6 16. Nf5)
12... dxe4 13. Bxe4 f5 (13... Nf6 14. Ng5 Bf4+ 15. Kb1 Bxg5 16. Qxg5+ Kh8 17.
Qh6+ Kg8 18. Rd3 Re8 (18... Nxe4 19. Rg3+ Qg5 (19... Ng5 20. h4) (19... Nxg3
20. hxg3 {blir matt}) 20. Rxg5+ Nxg5 21. Qxg5+ Kh8 22. Re1 $18) 19. Rg3+ Bg4
20. Bh7+ Nxh7 21. Rxg4+ Ng5 22. Rxg5+ Qxg5 23. Qxg5+ $18) 14. Bd3 (14. Bxf5 $1
Nf6 (14... Rxf5 $2 15. Qg6+ Kh8 16. Qxf5) 15. Nh4 $18) 14... Qf6 $6 15. Qxf6 ({
Bedre er} 15. Bc4+ Rf7 16. Bxf7+ Kxf7 17. Ng5+ Kg8 (17... Ke7 $2 18. Rhe1+ Ne5
(18... Kd8 19. Ne6+ Ke7 20. Qh7+ Ke8 21. Qg8+ Ke7 22. Ng5+ Be5 23. dxe5 $18)
19. Qh4 $18) 18. Qh7+ Kf8 19. h4 $18) 15... Nxf6 16. Ng5 $2 Bf4+ 17. Kb1 Bxg5
18. Rhe1 Nd5 19. Re5 Rf7 20. Bc4 Re7 21. Bxd5+ cxd5 22. Rxd5 Re2 23. Re5 Rxe5
24. dxe5 Be6 25. Rd6 Kf7 26. c3 Bf4 0-1

[Event "Høstturneringen 2012"]
[Site "Ås, Akershus NOR"]
[Date "2012.09.27"]
[Round "4"]
[White "Furnes, Torstein"]
[Black "Lea, Per"]
[Result "0-1"]
[WhiteElo "1614"]
[BlackElo "1655"]
[PlyCount "132"]
[EventDate "2012.08.30"]

1. d4 Nf6 2. c4 g6 3. Nc3 Bg7 4. e4 d6 5. Nf3 O-O 6. Be2 Nbd7 {Grunnen til at
jeg spiller dette gammeldagse trekket, er at min aller første "ordentlige"
sjakkbok var Dr M. Euwe "Spelöppningsteori N:r 5 Halvslutna spel II
Kungsindiskt, Grünfeldindiskt, Damindiskt, Gammalindiskt m.fl." utgitt 1957.
Før den ble innkjøpt 5. mai 1965 for den nette sum av kr 11,40 var mitt eneste
kjennskap til sjakklitteratur diverse bind av Sigurd Heiestad. Den begynte jeg
å lese fra begynnelsen,og første kapittel var nettopp denne varianten av
Kongeindisk, som gikk for å være hovedvarianten. Dessverre kom jeg aldri til
kapittel 2, noe som holdt på å bli skjebnesvangert mot Jon Kielland-Lund i
Klubbmesterskapet 2012 (riktig nok med en litt annen trekkrekkefølge). Saken
er nemlig den at svart trygt kan spille e-bonden fram uten først å gardere
e5-feltet med dronningspringeren på d7. I kapittel 2 skriver da også Euwe (om
6...e5): "Denna direkta framstöt hotar numera att helt uttränga den gamla
klassiske fortsättningen. Svart behåller möjligheten att välja mellan att
utveckla sin damspringare til c6 eller til d7".} (6... e5 7. dxe5 dxe5 8. Qxd8
Rxd8 9. Nxe5 Nxe4 $1 10. Nxe4 (10. Nxf7 $4 Bxc3+ 11. bxc3 Kxf7 {
og svart har vinststilling.}) 10... Bxe5 $11) 7. O-O ({
Partiet mot Kielland-Lund fortsatte med} 7. e5 dxe5 8. dxe5 Ng4 9. e6 {
og jeg likte ikke dobbeltbøndene mine i e-linja, men det er ikke sikkert
svarts stilling er så dårlig som jeg fryktet. Uansett: hvit fikke et visst
press i midtspillet, og jeg var heldig som slapp med skrekken og berget remis.}
) 7... e5 8. Bg5 (8. d5 Nc5 9. Qc2 a5 10. Be3 {
spilte Torstein forrige gang (Klubbmesterskapet 2012), med remis som resultat.}
({Euwe anbefaler her} 10. Ne1 {
men teoretiske "sannheter" holder sjelden så lenge som 55 år...})) 8... h6 9.
Be3 Ng4 10. Qd2 Nxe3 11. Qxe3 Nb6 ({Andre muligheter er:} 11... exd4 12. Nxd4
Nc5 13. b4 Ne6) (11... Re8 12. dxe5 Nxe5 13. Nxe5 Bxe5 14. Rad1 (14. Qxh6 Bxc3
15. bxc3 Rxe4 $144)) (11... Qe7 12. dxe5 (12. Nd5 Qd8 13. dxe5 Nxe5 14. Nxe5
Bxe5 15. Qxh6 Bxb2 16. Rab1)) (11... c6) 12. dxe5 dxe5 13. Rad1 Qe7 14. c5 Nd7
15. b4 (15. Rd5 $1 Nf6 (15... c6 16. Rd6 Nf6 17. Rfd1 {
og hvit dominerer mer enn jeg setter pris på.} (17. Bc4 Ne8 $4 {
Bukker en bonde:} 18. Rxg6)) 16. Rd2 (16. Rxe5 Be6 17. Nd5 Nxd5 18. exd5 Bxe5
19. Qxe5 $18) 16... Bd7 17. Rfd1 {er heller ikke noe å hige etter for svart.})
(15. Nd5 {strander på} Qxc5 {Teksttrekket truer å plassere springeren på d5,
derfor anså jeg mitt svar for å være tvungent, selv om svekkelsen av feltet d6
ikke er noe vakkert syn.}) 15... c6 16. Bc4 (16. Rd6 {
er nok sterkere, selv om det i noen varianter kan være greit å binde f7-bonden.
}) 16... Nf6 (16... b5 17. Bb3 a5 18. a3 axb4 19. axb4 Nf6 {med lik stilling i
følge Fritz 11, men jeg liker ikke synet av de svarte bøndene på
dronningfløyen. Bonden på c6 kan bli vanskelig å beholde.}) 17. Rd6 Bg4 ({Etter
} 17... b5 18. Bb3 Bd7 {er ikke hvits fordel så stor, men jeg så for meg at
denne stillingen ville bli vanskelig å holde.}) 18. Rfd1 Bxf3 19. Qxf3 Rfd8 20.
Qg3 g5 21. Qd3 {Den hvite d-linja ser formidabel ut.} Rxd6 22. Qxd6 $2 {
I følge Fritz 11 fordunster dermed hvits fordel som dugg for sola.} ({Etter} 
22. cxd6 {er spørsmålet om denne bonden blir svak eller ikke. Etter partiet
fortalte Torstein at han forkastet trekket nettopp av den grunn, og hadde selv
trodd at jeg skulle klart å vinne til meg den bonden. Men her er det fare for
at vi begge tok feil.} Qd7 23. Ne2 b5 24. Bb3 a5 25. bxa5 Rxa5 26. Ng3 Ra8 27.
Qc3 Re8 28. Qc5 {og hvit har klar fordel.}) 22... Qxd6 23. Rxd6 (23. cxd6 Rd8
24. a3 Bf8 {og fribonden er fortapt.}) 23... Kf8 24. f3 Ke7 25. Kf2 Ne8 26. Rd1
Nc7 {I flere trekk har nå a5 vært å foretrekke. Jeg hadde sett for meg at det
kunne bli trekkgjentakelse, men jeg hadde oversett en liten finesse:} 27. Bxf7
{Ikke så godt som jeg trodde under partiet.} a5 $1 {Endelig!} (27... Kxf7 28.
Rd7+ Kf6 29. Rxc7 Rb8 30. a3 $18) 28. a3 axb4 29. axb4 Ra3 30. Ne2 Ra4 31. Ng3
Rxb4 32. Nf5+ Kxf7 33. Rd7+ Kf6 34. Rxc7 Bf8 35. Kg3 {I flere trekk etter
hverandre har både hvit og svart valgt Fritz' førstevalg. Stillingen er lik.}
Bxc5 36. Nxh6 Bd6 37. Rd7 Ke6 38. Rg7 c5 {Nå har svart 2 sammenhengende
fribønder, men hvit kan fort ende opp med ikke mindre enn 4 på kongefløyen.}
39. Rxg5 c4 40. Rg6+ Kd7 41. Nf5 Bc7 (41... Bc5 $1 {
og nå er det hvit som har problemer:}) 42. Ne3 c3 43. Rg7+ Kc6 44. Rxc7+ Kxc7
45. Nd5+ Kd6 46. Nxb4 Kc5 47. Na2 c2 48. Kf2 Kc4 49. Ke2 Kb3 50. Nc1+ Kc3 51.
h4 b5 52. h5 $6 {Ifølge Fritz er h5 en feil som gjør at hvits fordel faller
fra +15 til +2. Hvit vinner etter Sd3 eller Ke3. (TF)} (52. Nd3 b4 53. Nxb4
c1=Q 54. Na2+ Kc2 55. Nxc1) (52. Ke3 b4 53. Ne2+ Kb2 54. Kd2 b3 55. Nc1 Ka3 56.
Nxb3 Kxb3 57. Kc1) 52... b4 53. h6 b3 54. h7 b2 55. h8=Q bxc1=Q 56. Qxe5+ Kb3
57. Qb5+ $6 {Fritz mener at 57.Dd5+ er hvits beste sjanse. Etter teksttrekket
mener Fritz at svart har fordel på ca. -5 resten av partiet. (TF)} (57. Qd5+
Kb2 58. e5) 57... Ka2 58. Qa4+ Kb1 59. Qb5+ Qb2 60. Qd3 Ka1 61. Qa6+ Qa2 62.
Qf6+ Qb2 63. Qa6+ Kb1 64. Qd3 Ka2 65. Qc4+ Qb3 66. Qa6+ Kb1 0-1

[Event "Høstturneringen 2012"]
[Site "Ås, Akershus NOR"]
[Date "2012.09.27"]
[Round "4"]
[White "Høva, Frode"]
[Black "Snellingen, Jørn"]
[Result "0-1"]
[WhiteElo "1577"]
[BlackElo "1836"]
[PlyCount "96"]

1. d4 Nf6 2. c4 Nc6 3. Nf3 e6 4. a3 d6 5. Nc3 g6 6. e4 Bg7 7. Be2 O-O 8. O-O
Re8 9. h3 e5 10. d5 Nd4 11. Be3 b6 12. Nxd4 exd4 13. Bxd4 Nxe4 14. Bxg7 Kxg7
15. Qd4+ Qf6 16. Qxf6+ Nxf6 17. Bf3 a6 18. Rfe1 Bf5 19. b3 Bc2 20. b4 Nd7 21.
Rac1 Bb3 22. Ne4 Ne5 23. c5 Nd3 24. cxd6 cxd6 25. Rc3 Nxe1 26. Rxb3 Re5 27.
Nxd6 Nxf3+ 28. Rxf3 Rxd5 29. Rxf7+ Kg8 30. Rf6 Rd1+ 31. Kh2 Rf8 32. Re6 Rxf2
33. Ne4 Rff1 34. Rxb6 Rh1+ 35. Kg3 Rd3+ 36. Kf2 Rxa3 37. Nc5 Ra2+ 38. Kg3 Rha1
39. h4 Kg7 40. Rb7+ Kf6 41. Rxh7 Rg1 42. Ne4+ Kf5 43. Nf2 Rb1 44. Rf7+ Ke6 45.
Rb7 Rbb2 46. Rb6+ Kf5 47. Ng4 Rb3+ 48. Kh2 Kxg4 0-1

[Event "Høstturneringen 2012"]
[Site "Ås, Akershus NOR"]
[Date "2012.09.29"]
[Round "4"]
[White "Simonsen, Steinar"]
[Black "Stensland, Martin"]
[Result "1-0"]
[WhiteElo "1336"]
[BlackElo "1160"]
[PlyCount "67"]

1. c4 c5 2. Nc3 e6 3. Nf3 Nc6 4. g3 Nf6 5. Bg2 d5 6. cxd5 exd5 7. d4 cxd4 8.
Nxd4 Nxd4 {Vanligere er å spille Db6 eller å utvikle svartsfeltløperen.} 9.
Qxd4 Be6 10. O-O Be7 11. Qa4+ Nd7 {Taper bonde. Fritz foreslår} (11... Bd7 12.
Qf4 Be6 13. Rd1 O-O 14. Be3) 12. Nxd5 O-O 13. Nxe7+ Qxe7 14. Bd2 Rfe8 15. Bb4
Qf6 16. Bc3 Qg5 17. f4 {Fritz mener det er bedre å slå b7-bonden med en gang.}
(17. Bxb7 Nb6 18. Qa5 Qxa5 19. Bxa5 Rab8 20. Bf3) 17... Qc5+ 18. Bd4 Qh5 19.
Bxb7 Rab8 20. Bf3 Qf5 21. e4 Qb5 22. Qxb5 Rxb5 23. b3 a5 {Taper offiser.} 24.
f5 Bxb3 25. axb3 Rxb3 26. Rxa5 h6 27. Ra7 Nb6 28. Bxb6 {
Fritz gir hvit fordel på +9 etter} (28. Bh5 Rf8 29. Rb7) 28... Rxb6 29. Bh5 g6
30. fxg6 fxg6 31. Bf3 Re5 32. Rd1 Rbe6 33. Rd8+ Re8 34. Rdd7 1-0

[Event "Høstturneringen 2012"]
[Site "Ås, Akershus NOR"]
[Date "2012.10.04"]
[Round "4"]
[White "Kielland-Lund, Jon"]
[Black "Olsen, Trygve"]
[Result "1-0"]
[WhiteElo "1587"]
[BlackElo "1278"]
[PlyCount "55"]

1. c4 c5 2. Nf3 Nc6 3. Nc3 Nf6 4. d4 cxd4 5. Nxd4 e5 6. Nf3 d6 7. e4 Be7 8. Bg5
a6 9. a4 Qa5 10. Bxf6 gxf6 11. Nh4 Rg8 12. g3 Qb4 13. Qd2 Be6 14. Nd5 Qxd2+ 15.
Kxd2 Bd8 16. Bd3 Rg5 17. Ne3 Ba5+ 18. Ke2 h5 19. Nef5 Kd7 20. Rhf1 Re8 21. Ne3
Bh3 22. Rfd1 Ke6 ({Svart hadde her matt i ett trekk med} 22... Nd4#) 23. f3 Rh8
24. Kf2 Rhg8 25. Nd5 Re8 26. Rab1 Rc8 27. f4 exf4 28. Nxf4+ 1-0

[Event "Høstturneringen 2012"]
[Site "Ås, Akershus NOR"]
[Date "2012.10.25"]
[Round "4"]
[White "Thowsen, Alf Geir"]
[Black "Weberg, Øivind"]
[Result "1-0"]
[WhiteElo "1154"]
[BlackElo "1348"]
[PlyCount "111"]

1. d4 Nf6 2. c4 e6 3. Nc3 Be7 4. Nf3 O-O 5. Bf4 d6 6. e3 Nbd7 7. h3 Nh5 8. Bh2
c5 9. Be2 Nhf6 10. O-O b6 11. Qc2 Bb7 12. Rfd1 Rc8 13. Nb5 a6 14. Nxd6 Bxd6 15.
Bxd6 Re8 16. Be5 Qe7 17. Bf4 cxd4 18. exd4 Be4 19. Bd3 Bxd3 20. Rxd3 b5 21. b3
bxc4 22. bxc4 Nb6 23. Qb3 Nfd7 24. Rc3 Qf6 25. Bg5 Qf5 26. Bh4 f6 27. Rac1 g5
28. Bg3 h5 29. Ne1 h4 30. Bd6 Qa5 31. c5 Qb5 32. Qxb5 axb5 33. cxb6 Rxc3 34.
Rxc3 Nxb6 35. Rb3 Ra8 36. a3 Nc4 37. Bc5 Kf7 38. Nd3 Nd2 39. Rxb5 Nc4 40. Rb3
Na5 41. Rc3 e5 42. dxe5 fxe5 43. Nxe5+ Ke6 44. Ng4 Kd5 45. Be3 Nc4 46. Bxg5
Nxa3 47. Bxh4 Nc4 48. g3 Ra1+ 49. Kg2 Ra2 50. Ne3+ Nxe3+ 51. Rxe3 Ra4 52. g4
Ra8 53. f3 Kd4 54. Re1 Ra2+ 55. Kg3 Kd5 56. Be7 1-0

[Event "Høstturneringen 2012"]
[Site "Ås, Akershus NOR"]
[Date "2012.10.18"]
[Round "5"]
[White "Snellingen, Jørn"]
[Black "Lea, Per"]
[Result "1-0"]
[WhiteElo "1836"]
[BlackElo "1655"]
[PlyCount "105"]
[EventDate "2012.08.30"]

1. d4 Nf6 2. c4 g6 3. Nc3 Bg7 4. e4 d6 5. f3 O-O 6. Be3 e5 7. Nge2 Nc6 8. d5 Ne7 9. Qd2 Nd7 10.
g4 f5 11. gxf5 gxf5 12. h4 f4 13. Bf2 Nf6 14. Nc1 Nh5 15. Rg1 h6 16. Nd3 Kh7
17. O-O-O Ng6 18. Be2 Rg8 19. Rh1 a6 20. Kb1 Bd7 21. c5 Qe7 22. Rc1 Bf6 23. Qe1
Rab8 24. a3 b5 25. Na2 dxc5 26. Nxc5 Ra8 27. Qa5 Bc8 28. Bxb5 Rg7 29. Nb4 Nxh4
30. Ncxa6 Ng3 31. Rhd1 Nxf3 32. Qxc7 Bxa6 33. Qxe7 Bxe7 34. Nxa6 Nxe4 35. Bd3
Nfg5 36. Nc7 Rag8 37. d6 Bxd6 38. Ne6 Kh8 39. Bxe4 Nxe4 40. Nxg7 Nxf2 41. Rxd6
Rxg7 42. Rxh6+ Rh7 43. Rxh7+ Kxh7 44. Rf1 Nd3 45. Kc2 e4 46. b4 f3 47. Kd2 Kg6
48. Rxf3 Ne5 49. Rc3 Nd7 50. Ke3 Kf5 51. Rc7 Nb6 52. Rc5+ Ke6 53. Rc6+ 1-0